00000000cam 2200000zi 4500
0019.963258
003CaOODSP
00520260602141603
006m     o  d f      
007cr bn|||||||||
008260602e20260602onc     ol   f000 0 fre d
040 |aCaOODSP|bfre|erda|cCaOODSP
0410 |aeng|afre
043 |an-cn---
0861 |aXB451-279/1-PDF
1101 |aCanada. |bParlement. |bChambre des communes, |eorganisme de publication.
24513|aAn Act to repeal the Clarity Act = |bLoi abrogeant la Loi de clarification.
24611|aLoi abrogeant la Loi de clarification
264 1|a[Ottawa] : |bHouse of Commons of Canada = Chambre des communes du Canada, |cle 2 juin 2026.
300 |a1 ressource en ligne (ii, 1 page).
336 |atexte|btxt|2rdacontent/fre
337 |ainformatique|bc|2rdamedia/fre
338 |aressource en ligne|bcr|2rdacarrier/fre
4901 |aProjet de loi C-... ; |vProjet de loi C-279, 1re session, 45e législature
500 |a« Première session, quarante-cinquième législature, 3-4 Charles III, 2025-2026. »
500 |a« Première lecture le 2 juin 2026. »
500 |a« Mme Normandin. »
520 |a« Le texte abroge la Loi de clarification » -- Sommaire, page ii.
546 |aTexte en anglais et en français.
650 6|aRelations fédérales-provinciales (Canada)|zQuébec (Province)
650 6|aDroit constitutionnel|zCanada.
650 6|aRéférendum|zQuébec (Province)
650 6|aSécession|zQuébec (Province)
655 7|aProjets de loi|2rvmgf
788 |tAn Act to repeal the Clarity Act = |eeng|w(CaOODSP)9.963257
830#0|aProjet de loi C-...|vProjet de loi C-279, 1re session, 45e législature.|w(CaOODSP)9.500660
85640|qPDF|s66.0 Ko|uhttps://publications.gc.ca/collections/collection_2026/parl/XB451-279-1.pdf
8564 |qHTML|sS.O.|uhttps://www.parl.ca/documentviewer/fr/45-1/projet-loi/C-279/premiere-lecture
986 |a451198